Responses for Show #1366 - Monday, July 9, 1990

1990 Seniors Tournament quarterfinal game 1.

Contestants

Theron Stimmel, a college professor from Texas

Vonetta Lapidow, a housewife from Essex Junction, Vermont

Bob Carman, an education administrator and editor from Easton, Pennsylvania

[next game >>]

Jeopardy! Round responses

SCIENCE & NATURE
RADIO SITCOMS
COLORS
FICTIONAL CHARACTERS
LANDMARKS
NANCY REAGAN
    $100 1
cones

Theron
    $100 14
Amos 'n' Andy

Vonetta
    $100 19
yellow

Bob
    $100 6
Bobbsey Twins

Vonetta
    $100 9
George Washington Bridge

Theron
    $100 26
[End of round signals.]

Raisa Gorbachev

Theron
    $200 2
peat

Bob
    $200 15
The Great Gildersleeve

Vonetta
    $200 22
gray

Bob
    $200 7
War and Peace

Theron
    $200 10
Boot Hill

Bob
    $300 3
lightning (electricity)

Bob
    $300 13
Duffy's Tavern

Vonetta
    $300 23
brown

Bob
    $300 8
(Vonetta: Who is Rosalind?)

Roxane

VonettaTheron
    $300 11
(Bob: What is 1876?)
(Vonetta: What is 1877?)

1976

BobVonettaTheron
    $400 4
pupal

Bob
    $400 16
My Friend Irma

Vonetta
    $400 24
(Bob: What is yellow?)

green

BobVonetta
    $400 12
Brewster

Triple Stumper
    $400 20
(Alex: [before he reads the clue] With a minute to go.)

clock (clock tower)

Bob
    $500 5
otter

Bob
    $500 17
(Vonetta: Who is Judy?)

Corliss Archer

Vonetta
Triple Stumper
    $500 25
peacock blue

Vonetta
    $500 18
(Vonetta: Who is Emma Bovary?)
(Alex: I need you to give me the title of the novel.)

Madame Bovary

Vonetta
    $500 21
Freedom Walk (Freedom Trail)

Vonetta

Scores at the first commercial break (after clue 11):

Bob Vonetta Theron
$1,300 -$500 $1,000

Scores at the end of the Jeopardy! Round:

Bob Vonetta Theron
$1,900 $1,900 $1,100

Double Jeopardy! Round responses

CLASSICAL MUSIC
MONEY
U.S. CITIES
FOOD & DRINK
6-LETTER WORDS
SENIORS IN HSITORY
    $200 17
La bohème

Bob
    $200 4
Salt Lake City

Bob
    $200 8
single

Vonetta
    $200 18
Boxer Rebellion

Theron
    $400 16
Mozart

Theron
    $400 5
Tulsa

Bob
    $400 11
Frankfurt

Bob
    $400 9
(Alex: Me, [*], & I are the three and the one that fits the category is, [*].)

myself

Triple Stumper
    $400 21
Elizabeth I

Theron
    $600 1
Hansel and Gretel

Theron
    $600 19
(Vonetta: What is corn?)

tobacco

BobVonetta
    $600 6
(Vonetta: What is Laredo?)

San Antonio

VonettaTheron
    $600 12
chocolate

Vonetta
    $600 10
batten

Bob
    $600 20
Casanova

Theron
    $1,100 2
[Bolero played.]

(Maurice) Ravel

Theron
    $800 24
(Bob: Uh, what is, uh, Denver...and San Francisco?)

Denver & Philadelphia

BobVonetta
    $800 7
Truth or Consequences

Vonetta
    $800 27
[End of round signals.]

bird's nest soup

Vonetta
    $800 13
(Bob: What is exile?)

émigré

Bob
Triple Stumper
    $900 22
Tomas de Torquemada

Theron
    $1000 3
cello

Bob
    $1000 26
(Vonetta: What is legal tender?)
(Bob: What is currency?)

fiat

BobVonetta
Triple Stumper
    $1000 15
Wisconsin

Bob
    $1000 25
(Bob: Uh, what is garlic?)
(Vonetta: What is pork?)

salt

BobVonetta
Triple Stumper
    $1000 14
(Vonetta: What is deceive?)
(Theron: What is tempt?)
(Alex: Bob, do you want to try it?)
(Bob: [does not ring in] What is [*]?)

offend

BobVonettaTheron
    $1000 23
(Alex: We have a minute to go in the round.)

Earl Mountbatten

Bob

Scores at the end of the Double Jeopardy! Round:

Bob Vonetta Theron
$4,700 $900 $4,900

Final Jeopardy! Round responses

SPORTS
VonettaWhat is soccer
$900
BobWhat is polo?
$4,600
TheronWhat is lacrosse
$4,500
polo

Final scores:

Bob Vonetta Theron
$9,300 $0 $400
Automatic semifinalist 3rd place: $1,000 if eliminated 2nd place: $1,000 if eliminated

Game dynamics:

Coryat scores:

Bob Vonetta Theron
$4,700 $900 $4,500
19 R
(including 1 DD),
6 W
14 R,
8 W
14 R
(including 2 DDs),
1 W

Combined Coryat: $10,100

[game clues] [game scores] [suggest correction]

Game tape date: 1990-02-26
The J! Archive is created by fans, for fans. Scraping, republication, monetization, and malicious use prohibited; this site may use cookies and collect identifying information. See terms. The Jeopardy! game show and all elements thereof, including but not limited to copyright and trademark thereto, are the property of Jeopardy Productions, Inc. and are protected under law. This website is not affiliated with, sponsored by, or operated by Jeopardy Productions, Inc. Join the discussion at JBoard.tv.